| 000 | 00612nam a2200193Ia 4500 | ||
|---|---|---|---|
| 003 | GCL | ||
| 008 | 140319s9999 xx 000 0 ara d | ||
| 040 |
_aGCL / _cGCL |
||
| 082 | 0 | 4 |
_a350.101 _bخ ل |
| 100 | 1 | _aخالد الحسن ابو السعيد | |
| 245 | 1 | 0 |
_aلكى لا تكون القيادة استبدادا : من حصاد تجربتى / _cخالد الحسن ابو السعيد |
| 300 | _a105 ص | ||
| 490 | _a | ||
| 650 | 0 | 4 | _aادارة الاعمال |
| 650 | 0 | 4 | _aالقيادة الادارية |
| 650 | 0 | 4 | _aالقيادة |
| 650 | 0 | 4 | _aالادارة - نظريات |
| 942 |
_2ddc _cBK |
||
| 999 |
_c46650 _d46650 |
||